Adivina el actor por el personaje #1 - Estadísticas

Estadísticas generales
  • Esta prueba ha sido intentada 162 veces
  • La puntuación promedio es 11 de 16
Estadísticas de respuestas
Imagen Respuesta % Correcto
Leonardo DiCaprio
97%
Brad Pitt
94%
Tom Hanks
84%
Tom Cruise
83%
Morgan Freeman
79%
Al Pacino
77%
Robert de Niro
76%
Jim Carrey
75%
Samuel L. Jackson
71%
Sylvester Stallone
67%
Marlon Brando
62%
Jack Nicholson
57%
Anthony Hopkins
52%
Edward Norton
43%
Cristoph Waltz
36%
Joe Pesci
26%
No se encontraron pruebas coincidentes
Distribución de puntuación
Porcentaje de gente con cada puntuación
Porcentaje por número respondido
Historial de tus puntuaciones
No has intentado esta prueba.